| 000 | 01104cam a2200277 i 4500 | ||
|---|---|---|---|
| 999 |
_c200449292 _d67504 |
||
| 003 | TR-AnTOB | ||
| 005 | 20220725095234.0 | ||
| 007 | ta | ||
| 008 | 081014s1998 tu 00 eng | ||
| 020 | _a9751609488 | ||
| 040 |
_aTR-AnTOB _beng _cTR-AnTOB _erda |
||
| 041 | 0 | _atur | |
| 050 | 1 | 4 |
_aDR592.K4 _bO55 1998 |
| 090 |
_aDR592.K4 _bO55 1998 |
||
| 245 | 0 | 0 |
_a10 Kasım 1996 devlet töreni konuşmaları ve "Atatürk ve Millı̂ Birlik" paneli: _cve, 13 Kasım 1996'da Kuzey Kıbrıs Türk Cumhuriyeti'nin 13. kuruluş yıldönümünde düzenlenen "Bağımsızlık Benim Karakterimdir" paneli. |
| 264 | 1 |
_aAnkara : _bAtatürk Kültür, Dil ve Tarih Yüksek Kurumu, Atatürk Araştırma Merkezi, _c1998. |
|
| 300 |
_a86, [10] pages : _bphotographs ; _c24 cm |
||
| 336 |
_2rdacontent _atext _btxt |
||
| 337 |
_2rdamedia _aunmediated _bn |
||
| 338 |
_2rdacarrier _avolume _bnc |
||
| 600 | 1 | 0 |
_aAtatürk, Mustafa Kemal _d1881-1938 _920781 |
| 600 |
_aAtatürk, Mustafa Kemal, _d1881-1938 _xEğitim üzerine görüşler _947756 |
||
| 650 |
_aEğitim _zTürkiye _xTarih _97280 |
||
| 942 |
_cBK _2lcc |
||